000 00343nam a2200133Ia 4500
005 20260328104322.0
008 260328s9999||||xx |||||||||||||| ||und||
100 _aKoshalek, Richard
245 0 _aArata Isozaki Architecture 1960-1990 /
_cRichard Koshalek
260 _bRizzoli
300 _a304 p.
650 _a ARQUITECTONICO
942 _cBK
999 _c11393
_d11393